000 00653nam a2200277Ia 4500
005 20260324145222.0
008 008 260324s9999 xx 000 0 eng d
020 _a9780203707746
037 _aEBOOK
040 _aCRL
040 _beng
040 _cCRL
041 _2eng
041 _aeng
084 _qCRL
100 _aDavid Hempton
_91209782
245 0 _aMethodism and Politics in British Society 1750-1850
260 _bTaylor and Francis
260 _c1984
365 _a
365 _b240
856 _uhttp://www.taylorfrancis.com/books/9780203707746
942 _cEBOOK
999 _c1829788
_d1829788